[Event "FRA-ch op-A"]
[Site "Besancon"]
[Date "1999.08.27"]
[Round "10"]
[White "Chardon, Philippe"]
[Black "Humeau, Cyril"]
[Result "0-1"]
[WhiteElo "1800"]
[BlackElo "1950"]
[PlyCount "40"]
[EventDate "1999.08.17"]
[EventType "swiss"]
[EventRounds "9"]
[EventCountry "FRA"]
[SourceTitle "EXT 2005"]
[Source "ChessBase"]
[SourceDate "2004.11.15"]
[SourceVersion "1"]
[SourceVersionDate "2004.11.15"]
[SourceQuality "1"]

1. e4 Nf6 2. e5 Nd5 3. d4 d6 4. f4 g6 5. Nf3 Bg7 6. c4 Nb6 7. Be3 dxe5 8. fxe5 c5 9. Nc3 cxd4 10. Qxd4 Qxd4 11. Bxd4 Nc6 12. c5 Nd7 13. Nb5 Nxd4 14. Nc7+ Kd8 15. Nxa8 Nc2+ 16. Kd2 Nxa1 17. Bb5 Nxe5 18. Kc1 Nxf3 19. gxf3 Bf5 20. Ba4 Kc8 0-1